LEADER 01362nam2-2200397li-450 001 990000110510203316 005 20180312154814.0 010 $a3-540-58859-0 035 $a0011051 035 $aUSA010011051 035 $a(ALEPH)000011051USA01 035 $a0011051 100 $a20001109d1996----km-y0itay0103----ba 101 0 $aeng 102 $aGW 200 1 $aVariational methods$eapplications to nonlinear partial differential equations and Hamiltonian systems$fMichael Struwe 205 $a2nd rev. and subtiantially expanded ed 210 $aBerlin [etc.]$cSpringer-Verlag$dcopyr. 1996 225 2 $aa series of modernsurveys in mathematics$v34 410 0$10010011050$12001$aa series of modernsurveys in mathematics$vErgebnisse der Mathematik und ihrer Grenzgebiete 610 1 $acalcolo delle variazioni 610 1 $aequazioni differenziali non lineari 610 1 $asistemi hamiltoniani 676 $a515.64$9. 700 1$aStruwe,$bMichael$042305 801 $aSistema bibliotecario di Ateneo dell' Universitą di Salerno$gRICA 912 $a990000110510203316 951 $a515.64 STR$b0007493 959 $aBK 969 $aTEC 979 $c19961025 979 $c20001110$lUSA01$h1711 979 $c20020403$lUSA01$h1618 979 $aPATRY$b90$c20040406$lUSA01$h1608 996 $aVariational methods$982590 997 $aUNISA LEADER 02303oam 2200637 450 001 9910702751203321 005 20171004144135.0 035 $a(CKB)5470000002430687 035 $a(OCoLC)896878682 035 $a(EXLCZ)995470000002430687 100 $a20141125d2014 ua 0 101 0 $aeng 135 $aurbn||||||||| 181 $ctxt$2rdacontent 182 $cc$2rdamedia 183 $acr$2rdacarrier 200 10$aLebanon at the crossroads $ehearing before the Subcommittee on Near Eastern and South and Central Asian Affairs of the Committee on Foreign Relations, United States Senate, One Hundred Thirteenth Congress, second session, February 25, 2014 210 1$aWashington :$cU.S. Government Printing Office,$d2014. 215 $a1 online resource (iii, 44 pages) 225 1 $aS. hrg. ;$v113-457 300 $aTitle from title screen (viewed November 25, 2014). 300 $aPrint version is available for sale by the Superintendent of Documents, U.S. Government Printing Office. 517 $aLebanon at the crossroads 606 $aRefugees$zLebanon 606 $aRefugees$zSyria 606 $aHumanitarian assistance, American$zLebanon 606 $aEconomic assistance, American$zLebanon 606 $aMilitary assistance, American$zLebanon 606 $aEconomic assistance, American$2fast 606 $aHumanitarian assistance, American$2fast 606 $aMilitary assistance, American$2fast 606 $aPolitical science$2fast 606 $aRefugees$2fast 607 $aLebanon$xPolitics and government 607 $aSyria$xHistory$yCivil War, 2011-$xRefugees 607 $aLebanon$2fast 607 $aSyria$2fast 608 $aHistory.$2fast 615 0$aRefugees 615 0$aRefugees 615 0$aHumanitarian assistance, American 615 0$aEconomic assistance, American 615 0$aMilitary assistance, American 615 7$aEconomic assistance, American. 615 7$aHumanitarian assistance, American. 615 7$aMilitary assistance, American. 615 7$aPolitical science. 615 7$aRefugees. 801 0$bGPO 801 1$bGPO 801 2$bOCLCF 801 2$bGPO 906 $aBOOK 912 $a9910702751203321 996 $aLebanon at the crossroads$93534002 997 $aUNINA LEADER 02852nam 2200553 450 001 9910830624703321 005 20231031140430.0 010 $a1-119-69542-2 010 $a1-119-69541-4 010 $a1-119-69538-4 035 $a(CKB)4100000011946033 035 $a(MiAaPQ)EBC6630970 035 $a(Au-PeEL)EBL6630970 035 $a(OCoLC)1255221240 035 $a(EXLCZ)994100000011946033 100 $a20220130d2021 uy 0 101 0 $aeng 135 $aurcnu|||||||| 181 $ctxt$2rdacontent 182 $cc$2rdamedia 183 $acr$2rdacarrier 200 10$aCollaborative learning in practice $ecoaching to support student learners in healthcare /$fCharlene Lobo, RachelPaul, Kenda Crozier 210 1$aHoboken, New Jersey ;$aWest, Sussex, England :$cWiley Blackwell,$d[2021] 210 4$d©2021 215 $a1 online resource (275 pages) 311 1 $a1-119-69536-8 320 $aIncludes bibliographical references and index. 330 $aCited in the 2015 Willis review on nurse education as an exemplary system-wide approach for supporting learning in practice, Collaborative Learning in Practice (CLiP) is an innovative coaching model that empowers students to take the lead in their practice through creating positive learning cultures. Collaborative Learning in Practice provides a detailed description of the CLiP model and explains how coaching can be integrated into a range of learning conversations. Written by an experienced team of practitioners, this unique text describes the theoretical basis of the CLiP model, highlights potential pitfalls and successes, and offers practical guidance on implementation. A wealth of real-world case studies demonstrates how the CLiP model works in a range of professional and practice settings, considering healthcare education, research and leadership. Developing practitioner knowledge and skill through an accessible, reader-friendly approach, Collaborative Learning in Practice is an essential resource for nursing and allied healthcare educators, nursing and healthcare students, and practice mentors, supervisors, and assessors in clinical environments. 606 $aGroup work in education 606 $aNurses$xTraining of 606 $aNursing$xStudy and teaching 606 $aEducation, Nursing 606 $aMidwifery 615 0$aGroup work in education. 615 0$aNurses$xTraining of. 615 0$aNursing$xStudy and teaching. 615 02$aEducation, Nursing. 615 02$aMidwifery. 676 $a371.395 700 $aLobo$b Charlene$f1957-$01713829 702 $aPaul$b Rachel$f1960- 702 $aCrozier$b Kenda 801 0$bMiAaPQ 801 1$bMiAaPQ 801 2$bMiAaPQ 906 $aBOOK 912 $a9910830624703321 996 $aCollaborative learning in practice$94107121 997 $aUNINA